| 000 | 00935cam a22002771i 4500 | ||
|---|---|---|---|
| 003 | SA-RiAUC | ||
| 005 | 20250928092629.0 | ||
| 008 | 250924s2000 sy g 000 0 ara c | ||
| 020 | _z157547769 | ||
| 040 |
_aSA-MuMU _bara _cSA-RiAUC _erda |
||
| 050 | 4 | _b.Z84 2000 | |
| 082 | 0 | 4 | _a323.4 |
| 090 |
_a323.4 _bز ح ي |
||
| 100 | 1 |
_aالزحيلي، وهبة مصطفى، _d1932-2015 _eمؤلف. |
|
| 245 | 1 | 0 |
_aحق الحرية في العالم / _cتأليف وهبة مصطفى الزحيلي. |
| 250 | _aالطبعة الأولى. | ||
| 264 | 1 |
_aدمشق : _bدار الفكر، _c2000 |
|
| 300 |
_a272 صفحة ؛ _c24 سم |
||
| 336 |
_aنص _btxt _2rdacontent _3كتاب |
||
| 337 |
_aبدون وسيط _bn _2rdamedia |
||
| 338 |
_aمجلد _bnc _2rdacarrier |
||
| 650 | 7 |
_aحقوق الإنسان _2aucsh |
|
| 650 | 7 |
_aالحرية _2aucsh |
|
| 942 |
_2ddc _cBOOK _n0 |
||
| 949 |
_aSA-JeALM _d250924 _umohamedma123 _n1 |
||
| 999 |
_c12160 _d12160 |
||